00357nam a2200133Ia 4500008004100000041000800041082001900049100002300068245004500091250001400136260003500150300003100185365000700216240624s9999 xx 000 0 und d aeng a330.015195 WOO aWOOLDRIDGE JEFFREY aINTRODUCTORY ECONOMETRICS A MODERN APPRO a(4th ed.) c2007aNew DelhibThomson India axxi, : 890 : p. : cm. ; 23 cRS